| 000 | 01797 am a2200349 a 4500 | ||
|---|---|---|---|
| 005 | 20240701132015.0 | ||
| 008 | 100831s1988||||ag d f |||| 001 0 spa d | ||
| 020 | _a9509901989 | ||
| 041 | _aspa | ||
| 092 |
_c614.1 _l3 _sALV |
||
| 100 | 1 |
_aÁlvarez Chavez, Victor Hugo. _91380 |
|
| 245 |
_aMedicina legal del trabajo. _bDoctrina. Legislación. Jurisprudencia sistematizada / _cVictor Hugo Álvarez Chavez |
||
| 250 | _a1a ed. | ||
| 260 |
_aBuenos Aires: _bEdiciones Jurídicas; _c1988. |
||
| 300 | _a551 p. | ||
| 500 | _aÁlvarez Chavez, V. H. y Solis Cabrera, R. W. (1988). Medicina legal del trabajo. Doctrina. Legislación. Jurisprudencia sistematizada. (1a ed.). Buenos Aires : Ediciones Jurídicas. | ||
| 590 | _aDonación de Dra Teresa Giulitta. | ||
| 653 | _aInfortunios laborales | ||
| 653 | _aIncapacidades laborativas | ||
| 653 | _aEnfermedades producidas por el esfuerzo | ||
| 653 | _aTrauma y enfermedades profesionales | ||
| 653 | _aEnfermedades profesionales | ||
| 653 | _aSaturnismo. Hidrargirismo. Oftalmia amoniacal. Enfisema pulmonar. Arsenicismo. Hidrocarburismo. Fosforismo. Sulfucarburismo | ||
| 653 | _aEnfermedades de "Caissons". Inspección carbonosa o antrax. Dematosis. Anquilostomiasis o urcinariasis. Brucelosis. Transtornos patológicos debidos al radio, rayos X y substancias radioactivas | ||
| 653 | _aEpiteliomas primitivos de la piel por: alquitran, brea, betun, aceites minerales o compuestos | ||
| 653 | _aBronquitis. Cronismo. Peste bubonica, Anilismo. Paludismo. Hernia. Tifus exantematico. Nefritis. Reumatismo | ||
| 653 | _aIndemnización de los infortunios del trabajo en la jurisprudencia | ||
| 653 | _aFallos plenarios de interes médico legal | ||
| 700 | 1 |
_aSolis Cabrera, Ricardo W. _91381 |
|
| 930 | _a288 | ||
| 942 |
_2ddc _cBK |
||
| 999 |
_c653 _d653 |
||